| 000 | 00467cam a2200181ua 4500 | ||
|---|---|---|---|
| 020 | _c92.50 | ||
| 041 |
_aeng _h |
||
| 082 |
_a519.062 _bCHA/EN |
||
| 100 | _aChawla , Dass C. | ||
| 245 |
_aEngineering Mathematics / _cC Dass Chawla. _hTextual Documents |
||
| 250 |
_a11 / _b. |
||
| 260 |
_aNew Delhi : _bAsian Publishers 3911 reshanpura Nai Sank , _c1992. |
||
| 365 | _a92.50 | ||
| 504 | _a | ||
| 942 | _cBK | ||
| 999 |
_c3322 _d3322 |
||